000 00824nam a2200253Ia 4500
003 OSt
005 20220923212155.0
006 a|||||r|||| 00| 0
007 ta
008 220922b |||||||| |||| 00| 0 hin d
024 _a151,375
037 _cTextual
040 _aARTS
_cARTS
_bhin
041 _2hin
_ahin
082 _aO15,1:g(R5), 152L3
100 _aमुण्डशेरी, जौसेफ़
245 0 _aकाव्यपीठिका
246 _aKāvyapīṭhikā
260 _aदिल्ली
_b राधा कृष्ण प्रकाशन
_c1973
300 _a88पृ.
_ccm.
650 _aहिन्दी साहित्य
_9156264
942 _hO15,1:g(R5), 152L3
_cTEXL
_2CC
999 _c307048
_d307048